[Event "Deutsche Blitz-Einzelmeisterschaft der Frauen 2021"]
[Site "Magdeburg"]
[Date "2021.08.01"]
[Round "3"]
[Board "9"]
[White "Muetsch, Annmarie"]
[Black "Mader, Lena"]
[Result "1-0"]
[WhiteElo "2294"]
[BlackElo "1689"]
[PlyCount "0"]
[EventDate "2021.08.01"]
[EventRounds "21"]
[EventCountry "GER"]

1. e4 {[%clk 0:03:03]} c6 {[%clk 0:03:04]} 2. Ne2 {[%clk 0:03:04]} d5 {[%clk
0:03:05]} 3. e5 {[%clk 0:03:05]} Bf5 {[%clk 0:03:05]} 4. d4 {[%clk 0:03:06]} c5
{[%clk 0:03:01]} 5. dxc5 {[%clk 0:03:07]} Nc6 {[%clk 0:03:02]} 6. Nd4 {[%clk
0:03:06]} Bg6 {[%clk 0:02:53]} 7. Bb5 {[%clk 0:03:04]} Rc8 {[%clk 0:02:55]} 8.
Nc3 {[%clk 0:02:52]} a6 {[%clk 0:02:56]} 9. Ba4 {[%clk 0:02:51]} e6 {[%clk
0:02:51]} 10. Nxc6 {[%clk 0:02:44]} bxc6 {[%clk 0:02:52]} 11. Be3 {[%clk
0:02:44]} Qa5 {[%clk 0:02:41]} 12. Qd4 {[%clk 0:02:06]} Ne7 {[%clk 0:02:42]} 13.
b4 {[%clk 0:02:06]} Qc7 {[%clk 0:02:39]} 14. Bf4 {[%clk 0:02:02]} Nf5 {[%clk
0:02:36]} 15. Qd2 {[%clk 0:02:02]} Rb8 {[%clk 0:02:08]} 16. a3 {[%clk 0:01:59]}
Nh4 {[%clk 0:01:34]} 17. O-O {[%clk 0:01:53]} Be7 {[%clk 0:01:35]} 18. Ne2 {[%clk
0:01:48]} O-O {[%clk 0:01:22]} 19. Nd4 {[%clk 0:01:50]} a5 {[%clk 0:01:12]} 20.
Nxc6 {[%clk 0:01:48]} Ra8 {[%clk 0:01:10]} 21. Nxe7+ {[%clk 0:01:47]} Qxe7 {[%clk
0:01:11]} 22. Bg5 {[%clk 0:01:48]} Qc7 {[%clk 0:01:05]} 23. Bxh4 {[%clk 0:01:47]}
axb4 {[%clk 0:01:05]} 24. axb4 {[%clk 0:01:46]} Qxe5 {[%clk 0:01:04]} 25. Bg3
{[%clk 0:01:40]} Qf6 {[%clk 0:00:51]} 26. Bd6 {[%clk 0:01:38]} Rfd8 {[%clk
0:00:48]} 27. c3 {[%clk 0:01:35]} Be4 {[%clk 0:00:42]} 28. Bc2 {[%clk 0:01:32]}
Qg6 {[%clk 0:00:24]} 29. Bxe4 {[%clk 0:01:32]} Qxe4 {[%clk 0:00:25]} 30. Rxa8
{[%clk 0:01:24]} Rxa8 {[%clk 0:00:25]} 31. b5 {[%clk 0:01:27]} Qc4 {[%clk
0:00:24]} 32. b6 {[%clk 0:01:24]} h6 {[%clk 0:00:25]} 33. b7 {[%clk 0:01:24]}  1-0

[Event "Deutsche Blitz-Einzelmeisterschaft der Frauen 2021"]
[Site "Magdeburg"]
[Date "2021.08.01"]
[Round "3"]
[Board "10"]
[White "Skogvall, Martina"]
[Black "Zschischang, Marine"]
[Result "0-1"]
[WhiteElo "2014"]
[BlackElo "2034"]
[PlyCount "0"]
[EventDate "2021.08.01"]
[EventRounds "21"]
[EventCountry "GER"]

1. e4 {[%clk 0:03:04]} e6 {[%clk 0:03:03]} 2. d4 {[%clk 0:03:04]} d5 {[%clk
0:03:04]} 3. e5 {[%clk 0:03:04]} c5 {[%clk 0:03:04]} 4. Qg4 {[%clk 0:03:06]} cxd4
{[%clk 0:03:05]} 5. Bd3 {[%clk 0:03:06]} Nc6 {[%clk 0:03:06]} 6. Nf3 {[%clk
0:03:07]} Qc7 {[%clk 0:03:07]} 7. Qg3 {[%clk 0:03:06]} f5 {[%clk 0:03:01]} 8. O-O
{[%clk 0:02:36]} g6 {[%clk 0:02:56]} 9. Re1 {[%clk 0:02:30]} Bg7 {[%clk 0:02:57]}
10. Nbd2 {[%clk 0:02:21]} Nge7 {[%clk 0:02:43]} 11. Nb3 {[%clk 0:02:22]} O-O
{[%clk 0:02:38]} 12. Nbxd4 {[%clk 0:02:14]} a6 {[%clk 0:02:28]} 13. c3 {[%clk
0:02:09]} Nxd4 {[%clk 0:02:23]} 14. cxd4 {[%clk 0:02:01]} Bd7 {[%clk 0:02:20]}
15. Bg5 {[%clk 0:02:00]} Bb5 {[%clk 0:02:06]} 16. Rac1 {[%clk 0:02:00]} Qd7
{[%clk 0:02:06]} 17. Bb1 {[%clk 0:01:55]} Rfc8 {[%clk 0:02:00]} 18. b3 {[%clk
0:01:49]} a5 {[%clk 0:02:00]} 19. Qh4 {[%clk 0:01:42]} Nc6 {[%clk 0:01:49]} 20.
Bf6 {[%clk 0:01:43]} Nb4 {[%clk 0:01:44]} 21. Ng5 {[%clk 0:01:38]} h6 {[%clk
0:01:36]} 22. Nf3 {[%clk 0:01:21]} Bd3 {[%clk 0:01:34]} 23. Bxg7 {[%clk 0:01:17]}
Qxg7 {[%clk 0:01:34]} 24. Rcd1 {[%clk 0:01:12]} Bxb1 {[%clk 0:01:32]} 25. Rxb1
{[%clk 0:01:13]} Nxa2 {[%clk 0:01:32]} 26. Qg3 {[%clk 0:01:00]} Nb4 {[%clk
0:01:28]} 27. h4 {[%clk 0:00:57]} Rc3 {[%clk 0:01:16]} 28. Qf4 {[%clk 0:00:58]}
Rac8 {[%clk 0:01:13]} 29. Rec1 {[%clk 0:00:36]} Nd3 {[%clk 0:00:55]} 30. Rxc3
{[%clk 0:00:36]} Rxc3 {[%clk 0:00:55]} 31. Qd2 {[%clk 0:00:36]} Qc7 {[%clk
0:00:37]} 32. Qxh6 {[%clk 0:00:36]} Rc1+ {[%clk 0:00:39]} 33. Rxc1 {[%clk
0:00:36]} Qxc1+ {[%clk 0:00:40]} 34. Qxc1 {[%clk 0:00:36]} Nxc1 {[%clk 0:00:40]}
35. Ng5 {[%clk 0:00:35]} Nxb3 {[%clk 0:00:39]} 36. Nxe6 {[%clk 0:00:35]} a4
{[%clk 0:00:39]} 37. Nc7 {[%clk 0:00:04]} a3 {[%clk 0:00:39]} 38. e6 {[%clk
0:00:04]} Kf8 {[%clk 0:00:21]} 39. Nxd5 {[%clk 0:00:04]} a2 {[%clk 0:00:21]}  0-1

[Event "Deutsche Blitz-Einzelmeisterschaft der Frauen 2021"]
[Site "Magdeburg"]
[Date "2021.08.01"]
[Round "4"]
[Board "2"]
[White "Zschischang, Marine"]
[Black "Zeller, Elisa"]
[Result "1-0"]
[WhiteElo "2034"]
[BlackElo "1917"]
[PlyCount "0"]
[EventDate "2021.08.01"]
[EventRounds "21"]
[EventCountry "GER"]

1. d4 {[%clk 0:03:03]} Nf6 {[%clk 0:03:01]} 2. Nf3 {[%clk 0:03:04]} d5 {[%clk
0:03:02]} 3. c4 {[%clk 0:03:05]} c6 {[%clk 0:03:00]} 4. cxd5 {[%clk 0:03:05]}
cxd5 {[%clk 0:02:52]} 5. Nc3 {[%clk 0:03:06]} Nc6 {[%clk 0:03:01]} 6. Ne5 {[%clk
0:03:06]} e6 {[%clk 0:03:00]} 7. e3 {[%clk 0:03:07]} Bd6 {[%clk 0:02:57]} 8. f4
{[%clk 0:03:09]} a6 {[%clk 0:02:57]} 9. Bd3 {[%clk 0:03:09]} Nd7 {[%clk 0:02:41]}
10. Qh5 {[%clk 0:03:05]} Bxe5 {[%clk 0:02:26]} 11. fxe5 {[%clk 0:03:05]} g6
{[%clk 0:02:23]} 12. Qh6 {[%clk 0:03:00]} Qe7 {[%clk 0:02:10]} 13. O-O {[%clk
0:02:53]} Qf8 {[%clk 0:02:10]} 14. Qh4 {[%clk 0:02:34]} Qe7 {[%clk 0:01:58]} 15.
Qh6 {[%clk 0:02:27]} Qf8 {[%clk 0:01:59]} 16. Qh3 {[%clk 0:02:28]} Nb6 {[%clk
0:01:51]} 17. Bd2 {[%clk 0:02:17]} Bd7 {[%clk 0:01:49]} 18. Qf3 {[%clk 0:02:09]}
Qe7 {[%clk 0:01:36]} 19. Rf2 {[%clk 0:02:03]} O-O {[%clk 0:01:15]} 20. Raf1
{[%clk 0:02:00]} Rac8 {[%clk 0:01:02]} 21. Qf4 {[%clk 0:01:52]} Nd8 {[%clk
0:00:50]} 22. Qh6 {[%clk 0:01:47]} Nc6 {[%clk 0:00:38]} 23. Rf3 {[%clk 0:01:42]}
Nc4 {[%clk 0:00:05]} 24. Bc1 {[%clk 0:01:34]} Nb4 {[%clk 0:03:02]} 25. Bb1 {[%clk
0:01:34]}  1-0

[Event "Deutsche Blitz-Einzelmeisterschaft der Frauen 2021"]
[Site "Magdeburg"]
[Date "2021.08.01"]
[Round "4"]
[Board "3"]
[White "Mader, Lena"]
[Black "Skogvall, Martina"]
[Result "0-1"]
[WhiteElo "1689"]
[BlackElo "2014"]
[PlyCount "0"]
[EventDate "2021.08.01"]
[EventRounds "21"]
[EventCountry "GER"]

1. c4 {[%clk 0:03:02]} Nf6 {[%clk 0:03:03]} 2. g3 {[%clk 0:03:03]} g6 {[%clk
0:02:54]} 3. Bg2 {[%clk 0:03:05]} Bg7 {[%clk 0:03:04]} 4. Nf3 {[%clk 0:03:06]}
O-O {[%clk 0:03:05]} 5. Nc3 {[%clk 0:03:08]} d6 {[%clk 0:03:05]} 6. O-O {[%clk
0:03:08]} e5 {[%clk 0:03:06]} 7. d3 {[%clk 0:03:09]} Nbd7 {[%clk 0:03:03]} 8. Rb1
{[%clk 0:03:07]} a5 {[%clk 0:03:01]} 9. a3 {[%clk 0:03:07]} Nh5 {[%clk 0:02:42]}
10. b4 {[%clk 0:03:02]} axb4 {[%clk 0:02:43]} 11. axb4 {[%clk 0:03:04]} f5 {[%clk
0:02:42]} 12. Bb2 {[%clk 0:03:02]} Nhf6 {[%clk 0:02:21]} 13. Nd2 {[%clk 0:02:41]}
c6 {[%clk 0:02:17]} 14. Qb3 {[%clk 0:02:38]} Kh8 {[%clk 0:02:14]} 15. Ra1 {[%clk
0:02:39]} Rxa1 {[%clk 0:02:09]} 16. Rxa1 {[%clk 0:02:41]} Qc7 {[%clk 0:01:50]}
17. Ra7 {[%clk 0:02:35]} Nb6 {[%clk 0:01:36]} 18. b5 {[%clk 0:02:14]} d5 {[%clk
0:01:24]} 19. bxc6 {[%clk 0:02:04]} Qb8 {[%clk 0:01:09]} 20. Ra2 {[%clk 0:01:33]}
bxc6 {[%clk 0:01:05]} 21. Na4 {[%clk 0:01:20]} Nbd7 {[%clk 0:01:00]} 22. Qxb8
{[%clk 0:01:13]} Nxb8 {[%clk 0:01:01]} 23. Bxe5 {[%clk 0:01:11]} Nbd7 {[%clk
0:01:01]} 24. Bxf6 {[%clk 0:01:05]} Nxf6 {[%clk 0:00:58]} 25. Nc5 {[%clk
0:00:58]} Re8 {[%clk 0:00:53]} 26. Kf1 {[%clk 0:00:49]} h6 {[%clk 0:00:53]} 27.
Ra7 {[%clk 0:00:47]} Kg8 {[%clk 0:00:49]} 28. cxd5 {[%clk 0:00:46]} Nxd5 {[%clk
0:00:46]} 29. Nc4 {[%clk 0:00:40]} Bd4 {[%clk 0:00:42]} 30. Ra5 {[%clk 0:00:31]}
Bc3 {[%clk 0:00:29]} 31. Bxd5+ {[%clk 0:00:21]} cxd5 {[%clk 0:00:27]} 32. Rb5
{[%clk 0:00:16]} dxc4 {[%clk 0:00:19]} 33. dxc4 {[%clk 0:00:17]} Be6 {[%clk
0:00:24]} 34. Nxe6 {[%clk 0:00:14]} Rxe6 {[%clk 0:00:25]} 35. e3 {[%clk 0:00:08]}
Rc6 {[%clk 0:00:25]} 36. c5 {[%clk 0:00:07]} Kf7 {[%clk 0:00:25]} 37. Ke2 {[%clk
0:00:06]} Ke6 {[%clk 0:00:25]} 38. Kd3 {[%clk 0:00:04]} Bf6 {[%clk 0:00:26]} 39.
f3 Be7 {[%clk 0:00:26]}  0-1

[Event "Deutsche Blitz-Einzelmeisterschaft der Frauen 2021"]
[Site "Magdeburg"]
[Date "2021.08.01"]
[Round "4"]
[Board "4"]
[White "Schneider, Birgit"]
[Black "Muetsch, Annmarie"]
[Result "0-1"]
[WhiteElo "1993"]
[BlackElo "2294"]
[PlyCount "0"]
[EventDate "2021.08.01"]
[EventRounds "21"]
[EventCountry "GER"]

1. e4 {[%clk 0:03:02]} c5 {[%clk 0:03:03]} 2. c3 {[%clk 0:03:03]} Nf6 {[%clk
0:03:02]} 3. e5 {[%clk 0:03:04]} Nd5 {[%clk 0:03:01]} 4. d4 {[%clk 0:03:05]} cxd4
{[%clk 0:03:01]} 5. Nf3 {[%clk 0:03:06]} Nc6 {[%clk 0:03:02]} 6. Bc4 {[%clk
0:03:04]} Nb6 {[%clk 0:03:01]} 7. Bb3 {[%clk 0:03:05]} d5 {[%clk 0:03:00]} 8.
cxd4 {[%clk 0:02:43]} Bg4 {[%clk 0:02:55]} 9. Be3 {[%clk 0:02:39]} e6 {[%clk
0:02:54]} 10. O-O {[%clk 0:02:35]} Be7 {[%clk 0:02:55]} 11. h3 {[%clk 0:02:27]}
Bh5 {[%clk 0:02:57]} 12. Nc3 {[%clk 0:02:23]} O-O {[%clk 0:02:56]} 13. Rc1 {[%clk
0:02:19]} Na5 {[%clk 0:02:57]} 14. Bc2 {[%clk 0:01:43]} Nac4 {[%clk 0:02:36]} 15.
b3 {[%clk 0:01:40]} Nxe3 {[%clk 0:02:09]} 16. fxe3 {[%clk 0:01:40]} Bg5 {[%clk
0:02:07]} 17. Qe1 {[%clk 0:01:07]} a6 {[%clk 0:02:00]} 18. Nxg5 {[%clk 0:00:58]}
Qxg5 {[%clk 0:01:59]} 19. Bb1 {[%clk 0:00:46]} Rac8 {[%clk 0:01:55]} 20. Qf2
{[%clk 0:00:44]} Nd7 {[%clk 0:01:48]} 21. Ne2 {[%clk 0:00:44]} Bxe2 {[%clk
0:01:38]} 22. Qxe2 {[%clk 0:00:45]} f6 {[%clk 0:01:34]} 23. exf6 {[%clk 0:00:36]}
Nxf6 {[%clk 0:01:32]} 24. Qd3 {[%clk 0:00:40]} Ne4 {[%clk 0:01:22]} 25. Kh2
{[%clk 0:00:20]} Qg3+ {[%clk 0:01:19]} 26. Kg1 {[%clk 0:00:14]} Rxc1 {[%clk
0:01:10]} 27. Rxc1 {[%clk 0:00:15]} Rf2 {[%clk 0:01:00]}  0-1

[Event "Deutsche Blitz-Einzelmeisterschaft der Frauen 2021"]
[Site "Magdeburg"]
[Date "2021.08.01"]
[Round "4"]
[Board "5"]
[White "Zimmer, Elke"]
[Black "Albayrak, Berrak"]
[Result "1-0"]
[WhiteElo "1872"]
[BlackElo "1491"]
[PlyCount "0"]
[EventDate "2021.08.01"]
[EventRounds "21"]
[EventCountry "GER"]

1. e4 {[%clk 0:03:03]} d6 {[%clk 0:03:04]} 2. d4 {[%clk 0:03:04]} Nf6 {[%clk
0:03:05]} 3. Nd2 {[%clk 0:03:04]} g6 {[%clk 0:03:06]} 4. c3 {[%clk 0:03:05]} Bg7
{[%clk 0:03:07]} 5. Bd3 {[%clk 0:03:04]} O-O {[%clk 0:03:08]} 6. Ngf3 {[%clk
0:03:05]} c5 {[%clk 0:03:08]} 7. O-O {[%clk 0:03:04]} a6 {[%clk 0:03:05]} 8. a4
{[%clk 0:02:59]} cxd4 {[%clk 0:02:34]} 9. cxd4 {[%clk 0:03:00]} Nc6 {[%clk
0:02:33]} 10. Re1 {[%clk 0:02:38]} Bg4 {[%clk 0:02:19]} 11. d5 {[%clk 0:02:26]}
Ne5 {[%clk 0:02:05]} 12. Be2 {[%clk 0:02:25]} Bxf3 {[%clk 0:01:42]} 13. Bxf3
{[%clk 0:02:24]} Nxf3+ {[%clk 0:01:21]} 14. Nxf3 {[%clk 0:02:25]} Rc8 {[%clk
0:01:16]} 15. Rb1 {[%clk 0:02:24]} Qa5 {[%clk 0:01:15]} 16. Bd2 {[%clk 0:02:20]}
Qb6 {[%clk 0:00:56]} 17. Bc3 {[%clk 0:02:13]} Rc4 {[%clk 0:00:49]} 18. a5 {[%clk
0:02:10]} Qc7 {[%clk 0:00:43]} 19. Nd2 {[%clk 0:02:07]} Rc5 {[%clk 0:00:24]} 20.
h3 {[%clk 0:02:01]} Rc8 {[%clk 0:00:20]} 21. Nb3 {[%clk 0:01:54]} Rxc3 {[%clk
0:00:16]} 22. bxc3 {[%clk 0:01:54]} Qc4 {[%clk 0:00:12]} 23. Nd2 {[%clk 0:01:37]}
Qc7 {[%clk 0:00:11]} 24. c4 {[%clk 0:01:37]} Qxa5 {[%clk 0:00:10]} 25. Rxb7
{[%clk 0:01:38]} Kf8 {[%clk 0:00:06]} 26. e5 {[%clk 0:01:29]} dxe5 {[%clk
0:00:04]} 27. Rxe5 {[%clk 0:01:30]} Nd7 {[%clk 0:00:05]} 28. Re1 {[%clk 0:01:22]}
Rd8 {[%clk 0:00:04]} 29. Qe2 {[%clk 0:01:21]} Bf6 {[%clk 0:00:05]} 30. Ne4 {[%clk
0:01:13]} Qa3 {[%clk 0:00:03]} 31. Nxf6 {[%clk 0:01:11]} Nxf6 {[%clk 0:00:04]}
32. Rxe7 {[%clk 0:01:09]} Kg7 33. Qf3 {[%clk 0:00:58]} Qc5 34. Qf4 {[%clk
0:00:54]} Rc8 {[%clk 0:00:05]} 35. d6 {[%clk 0:00:47]} Qxc4 {[%clk 0:00:03]} 36.
Qxc4 {[%clk 0:00:48]} Rxc4 {[%clk 0:00:05]} 37. Rd1 {[%clk 0:00:45]} a5 {[%clk
0:00:05]} 38. d7 {[%clk 0:00:46]} Nxd7 {[%clk 0:00:06]} 39. Rexd7 {[%clk
0:00:47]} a4 {[%clk 0:00:07]} 40. Ra7 {[%clk 0:00:48]}  1-0

[Event "Deutsche Blitz-Einzelmeisterschaft der Frauen 2021"]
[Site "Magdeburg"]
[Date "2021.08.01"]
[Round "4"]
[Board "6"]
[White "Michna, Marta"]
[Black "Stangl, Anita"]
[Result "1-0"]
[WhiteElo "2416"]
[BlackElo "1982"]
[PlyCount "0"]
[EventDate "2021.08.01"]
[EventRounds "21"]
[EventCountry "GER"]

1. d4 {[%clk 0:03:01]} e6 {[%clk 0:03:04]} 2. c3 {[%clk 0:02:58]} d5 {[%clk
0:03:05]} 3. Bf4 {[%clk 0:02:59]} c6 {[%clk 0:02:56]} 4. Nd2 {[%clk 0:02:59]} f5
{[%clk 0:02:55]} 5. e3 {[%clk 0:02:56]} Nf6 {[%clk 0:02:52]} 6. Ngf3 {[%clk
0:02:56]} Bd6 {[%clk 0:02:52]} 7. Be2 {[%clk 0:02:46]} Bxf4 {[%clk 0:02:37]} 8.
exf4 {[%clk 0:02:47]} O-O {[%clk 0:02:36]} 9. g3 {[%clk 0:02:41]} b6 {[%clk
0:02:30]} 10. Bd3 {[%clk 0:02:39]} c5 {[%clk 0:02:27]} 11. Qe2 {[%clk 0:02:30]}
Ne4 {[%clk 0:02:26]} 12. O-O {[%clk 0:02:23]} Nc6 {[%clk 0:02:26]} 13. a3 {[%clk
0:02:17]} cxd4 {[%clk 0:02:15]} 14. Nxd4 {[%clk 0:02:15]} Nxd4 {[%clk 0:02:12]}
15. cxd4 {[%clk 0:02:16]} Qf6 {[%clk 0:02:05]} 16. Nf3 {[%clk 0:02:08]} a6 {[%clk
0:01:43]} 17. Ne5 {[%clk 0:02:14]} b5 {[%clk 0:01:40]} 18. Rac1 {[%clk 0:02:01]}
h6 {[%clk 0:01:20]} 19. Rc6 {[%clk 0:01:43]} g5 {[%clk 0:01:03]} 20. f3 {[%clk
0:01:20]} gxf4 {[%clk 0:00:46]} 21. gxf4 {[%clk 0:01:13]} Kh8 {[%clk 0:00:20]}
22. fxe4 {[%clk 0:01:10]} dxe4 {[%clk 0:00:20]} 23. Bb1 {[%clk 0:01:08]} Rg8+
{[%clk 0:00:22]} 24. Kh1 {[%clk 0:01:07]} Bb7 {[%clk 0:00:23]} 25. Rb6 {[%clk
0:01:00]} Bd5 {[%clk 0:00:24]} 26. Rd6 {[%clk 0:00:46]} e3+ {[%clk 0:00:09]} 27.
Rxd5 {[%clk 0:00:46]} exd5 {[%clk 0:00:10]} 28. Qxe3 {[%clk 0:00:44]} Qg7 {[%clk
0:00:11]} 29. Qf2 {[%clk 0:00:43]} Rac8 {[%clk 0:00:02]} 30. Bd3 {[%clk 0:00:42]}
Rc7 {[%clk 0:00:02]} 31. Bxf5 {[%clk 0:00:42]} Qf6 {[%clk 0:00:09]} 32. Bh3
{[%clk 0:00:37]} Rcg7 {[%clk 0:00:10]} 33. f5 {[%clk 0:00:38]} Rg5 {[%clk
0:00:11]} 34. Ng6+ {[%clk 0:00:35]} Kg7 {[%clk 0:00:12]} 35. Bg2 {[%clk 0:00:35]}
Re8 {[%clk 0:00:12]} 36. Ne5 {[%clk 0:00:25]} Rf8 {[%clk 0:00:12]} 37. Nd7 {[%clk
0:00:33]} Rf7 {[%clk 0:00:11]} 38. Nxf6 {[%clk 0:00:33]}  1-0

[Event "Deutsche Blitz-Einzelmeisterschaft der Frauen 2021"]
[Site "Magdeburg"]
[Date "2021.08.01"]
[Round "4"]
[Board "7"]
[White "Moenster, Madita"]
[Black "Voicu-Jagodzinsky, Carmen"]
[Result "1-0"]
[WhiteElo "1889"]
[BlackElo "2194"]
[PlyCount "0"]
[EventDate "2021.08.01"]
[EventRounds "21"]
[EventCountry "GER"]

1. e4 {[%clk 0:03:02]} c5 {[%clk 0:03:04]} 2. Nf3 {[%clk 0:03:02]} Nc6 {[%clk
0:03:04]} 3. d4 {[%clk 0:03:03]} cxd4 {[%clk 0:03:06]} 4. Nxd4 {[%clk 0:03:04]}
g6 {[%clk 0:03:08]} 5. Nc3 {[%clk 0:03:05]} Bg7 {[%clk 0:03:09]} 6. Be3 {[%clk
0:03:05]} Nf6 {[%clk 0:03:10]} 7. Bc4 {[%clk 0:03:05]} Qa5 {[%clk 0:03:11]} 8.
O-O {[%clk 0:03:04]} O-O {[%clk 0:03:13]} 9. Bb3 {[%clk 0:03:03]} d6 {[%clk
0:03:14]} 10. Re1 {[%clk 0:03:01]} Bd7 {[%clk 0:03:15]} 11. f3 {[%clk 0:02:58]}
Nxd4 {[%clk 0:03:06]} 12. Bxd4 {[%clk 0:02:59]} b5 {[%clk 0:03:07]} 13. Nd5
{[%clk 0:02:56]} Nxd5 {[%clk 0:02:55]} 14. Bxd5 {[%clk 0:02:55]} Rac8 {[%clk
0:02:52]} 15. c3 {[%clk 0:02:45]} Rfd8 {[%clk 0:02:33]} 16. Kh1 {[%clk 0:02:36]}
e6 {[%clk 0:02:33]} 17. Bb3 {[%clk 0:02:36]} Bc6 {[%clk 0:02:33]} 18. Bxg7 {[%clk
0:02:27]} Kxg7 {[%clk 0:02:34]} 19. Qd4+ {[%clk 0:02:28]} Kg8 {[%clk 0:02:33]}
20. Rad1 {[%clk 0:02:26]} Qc7 {[%clk 0:02:30]} 21. Qe3 {[%clk 0:02:21]} a5 {[%clk
0:02:27]} 22. f4 {[%clk 0:02:16]} a4 {[%clk 0:02:21]} 23. Bc2 {[%clk 0:02:17]}
Qb7 {[%clk 0:02:04]} 24. Qg3 {[%clk 0:02:05]} b4 {[%clk 0:01:59]} 25. f5 {[%clk
0:01:56]} e5 {[%clk 0:01:52]} 26. f6 {[%clk 0:01:49]} Qd7 {[%clk 0:01:23]} 27.
Qh4 {[%clk 0:01:47]} Qe8 {[%clk 0:01:21]} 28. Re3 {[%clk 0:01:43]} bxc3 {[%clk
0:01:11]} 29. bxc3 {[%clk 0:01:39]} Bd7 {[%clk 0:00:58]} 30. g4 {[%clk 0:01:34]}
Be6 {[%clk 0:00:45]} 31. Rdd3 {[%clk 0:01:25]} d5 {[%clk 0:00:43]} 32. Rh3 {[%clk
0:01:06]} h5 {[%clk 0:00:44]} 33. Rdg3 {[%clk 0:00:59]} dxe4 {[%clk 0:00:42]} 34.
Qg5 {[%clk 0:00:36]}  1-0

[Event "Deutsche Blitz-Einzelmeisterschaft der Frauen 2021"]
[Site "Magdeburg"]
[Date "2021.08.01"]
[Round "4"]
[Board "8"]
[White "Brunner, Sophia"]
[Black "Hofmann, Karina"]
[Result "1-0"]
[WhiteElo "1741"]
[BlackElo "1734"]
[PlyCount "0"]
[EventDate "2021.08.01"]
[EventRounds "21"]
[EventCountry "GER"]

1. d4 {[%clk 0:03:03]} b6 {[%clk 0:03:04]} 2. Nc3 {[%clk 0:02:54]} Bb7 {[%clk
0:03:05]} 3. e4 {[%clk 0:03:04]} g6 {[%clk 0:03:06]} 4. Be3 {[%clk 0:03:05]} Bg7
{[%clk 0:03:08]} 5. Qd2 {[%clk 0:03:04]} e6 {[%clk 0:03:09]} 6. f3 {[%clk
0:03:01]} Ne7 {[%clk 0:03:10]} 7. Nge2 {[%clk 0:02:55]} O-O {[%clk 0:03:10]} 8.
g4 {[%clk 0:02:29]} d6 {[%clk 0:03:10]} 9. h4 {[%clk 0:02:29]} c5 {[%clk
0:03:11]} 10. h5 {[%clk 0:02:29]} f5 {[%clk 0:02:55]} 11. O-O-O {[%clk 0:02:08]}
fxg4 {[%clk 0:02:48]} 12. fxg4 {[%clk 0:02:09]} Nbc6 {[%clk 0:02:43]} 13. Bh6
{[%clk 0:01:45]} Nxd4 {[%clk 0:02:40]} 14. Nxd4 {[%clk 0:01:34]} Bxd4 {[%clk
0:02:17]} 15. Bxf8 {[%clk 0:01:33]} Qxf8 {[%clk 0:02:18]} 16. Bc4 {[%clk
0:01:27]} d5 {[%clk 0:02:10]} 17. exd5 {[%clk 0:01:07]} exd5 {[%clk 0:02:05]} 18.
Bd3 {[%clk 0:00:54]} Qg7 {[%clk 0:02:02]} 19. hxg6 {[%clk 0:00:46]} Nxg6 {[%clk
0:02:02]} 20. Bf5 {[%clk 0:00:34]} Bc8 {[%clk 0:01:55]} 21. Qg2 {[%clk 0:00:13]}
Rb8 {[%clk 0:01:35]} 22. Qxd5+ {[%clk 0:00:13]} Qf7 {[%clk 0:01:30]} 23. Qxf7+
{[%clk 0:00:11]} Kxf7 {[%clk 0:01:31]} 24. Rxh7+ {[%clk 0:00:12]} Kg8 {[%clk
0:01:18]} 25. Bxg6 {[%clk 0:00:12]} Bxc3 {[%clk 0:01:19]} 26. Rd8# {[%clk
0:00:11]}  1-0

[Event "Deutsche Blitz-Einzelmeisterschaft der Frauen 2021"]
[Site "Magdeburg"]
[Date "2021.08.01"]
[Round "4"]
[Board "9"]
[White "Ries, Jutta"]
[Black "Paehtz, Elisabeth"]
[Result "0-1"]
[WhiteElo "2094"]
[BlackElo "2410"]
[PlyCount "0"]
[EventDate "2021.08.01"]
[EventRounds "21"]
[EventCountry "GER"]

1. f4 {[%clk 0:03:02]} d5 {[%clk 0:03:01]} 2. Nf3 {[%clk 0:03:03]} Nc6 {[%clk
0:03:01]} 3. b3 {[%clk 0:03:04]} Bg4 {[%clk 0:03:01]} 4. e3 {[%clk 0:03:04]} e5
{[%clk 0:03:01]} 5. fxe5 {[%clk 0:02:56]} Nxe5 {[%clk 0:03:02]} 6. Be2 {[%clk
0:03:05]} Bxf3 {[%clk 0:02:57]} 7. Bxf3 {[%clk 0:03:04]} Nf6 {[%clk 0:02:58]} 8.
Bb2 {[%clk 0:03:04]} Bd6 {[%clk 0:02:59]} 9. Qe2 {[%clk 0:03:03]} c6 {[%clk
0:02:59]} 10. d3 {[%clk 0:02:50]} Qc7 {[%clk 0:02:58]} 11. Nd2 {[%clk 0:02:48]}
O-O-O {[%clk 0:02:54]} 12. O-O-O {[%clk 0:02:41]} Rhe8 {[%clk 0:02:55]} 13. Qf2
{[%clk 0:02:18]} Kb8 {[%clk 0:02:51]} 14. e4 {[%clk 0:02:10]} Qa5 {[%clk
0:02:25]} 15. Kb1 {[%clk 0:01:55]} Ba3 {[%clk 0:02:18]} 16. exd5 {[%clk 0:01:44]}
Nxd5 {[%clk 0:01:50]} 17. Bxd5 {[%clk 0:01:16]} Bxb2 {[%clk 0:01:49]} 18. Kxb2
{[%clk 0:01:08]} Qxd5 {[%clk 0:01:50]} 19. Rhe1 {[%clk 0:00:58]} f6 {[%clk
0:01:42]} 20. Qg3 {[%clk 0:00:48]} Qd4+ {[%clk 0:01:36]} 21. Kb1 {[%clk 0:00:45]}
Qg4 {[%clk 0:01:32]} 22. Ne4 {[%clk 0:00:38]} Qxg3 {[%clk 0:01:29]} 23. Nxg3
{[%clk 0:00:39]} Ng4 {[%clk 0:01:23]} 24. Nf5 {[%clk 0:00:33]} g6 {[%clk
0:01:19]} 25. Ng3 {[%clk 0:00:22]} f5 {[%clk 0:01:07]} 26. h3 {[%clk 0:00:23]}
Ne3 {[%clk 0:01:08]} 27. Rd2 {[%clk 0:00:19]} Nd5 {[%clk 0:01:08]} 28. Rf1 {[%clk
0:00:13]} Re3 {[%clk 0:01:06]} 29. Ne2 {[%clk 0:00:10]} Rxe2 {[%clk 0:01:06]}  0-1